First things first to live,to love,to learn to leave a legacy (Record no. 2958)

000 -LEADER
fixed length control field 00309nam a22001217a 4500
020 ## - INTERNATIONAL STANDARD BOOK NUMBER
International Standard Book Number 0684858401
082 ## - DEWEY DECIMAL CLASSIFICATION NUMBER
Classification number 158.1
100 ## - MAIN ENTRY--PERSONAL NAME
Personal name Stephen R. Covey
245 ## - TITLE STATEMENT
Title First things first to live,to love,to learn to leave a legacy
260 ## - PUBLICATION, DISTRIBUTION, ETC.
Place of publication, distribution, etc. Australia
Name of publisher, distributor, etc. Simon and Schuster
Date of publication, distribution, etc. 1994
300 ## - PHYSICAL DESCRIPTION
Extent 360p
942 ## - ADDED ENTRY ELEMENTS (KOHA)
Koha item type Book
Holdings
Withdrawn status Lost status Damaged status Not for loan Collection code Permanent Location Current Location Shelving location Date acquired Total Checkouts Total Renewals Full call number Barcode Checked out Date last seen Date last checked out Price effective from Koha item type
          Central Library (CL) Central Library (CL) General Stacks 03/28/2016 5 5 158.1 COV S3H-N-289 12/24/2025 11/24/2025 11/24/2025 03/28/2016 Book
© 2023 Central Library, National University of Sciences and Technology. All Rights Reserved.